All Eminem Songs Over 1 Billion Streams - Statistics

General Stats
  • This quiz has been taken 38 times
  • The average score is 10 of 12
Answer Stats
Hint Song % Correct
1.87 (Rihanna) Love The Way You Lie
93%
1.32 (Dido) Stan
93%
1.21 (Rihanna) The Monster
93%
2.67 Without Me
89%
1.73 (Juice WRLD) Godzilla
86%
2.19 The Real Slim Shady
86%
2.59 Lose Yourself
82%
2.25 (Nate Dogg) Till I Collapse
79%
1.20 Rap God
71%
2.13 Mockingbird
64%
1.17 Not Afraid
64%
1.17 (Dina Rae) Superman
64%
No matching quizzes found
Score Distribution
Percent of People with Each Score
Percentile by Number Answered
Your Score History
You have not taken this quiz